000 00783nam a22002412 4500
001 0000024958
005 20151217152307.0
008 140402s xx 000 0 eng d
020 _a1907816352 :
040 _aKABU
_cKABU
100 1 _aBrugha, Rossa.
_@0000185302
245 1 0 _aPaediatric clinical examination /
_cRossa Brugha, Matko Marlais, Ed Abrahamson.
250 _a1st ed.
260 _aLondon :
_bJP Medical,
_c2013.
300 _axii, 271 p.
650 0 _aChildren
_xMedical examination.
_@0000185303
650 0 _aChildren
_xPhysical examination & diagnosis.
_@0000185304
700 1 _aMarlais, Matko.
_@0000185305
700 1 _aAbrahamson, Ed.
_@0000185306
852 1 _9p1950 KES
908 _a140402
950 _@1
999 _c10437
_d10437